Schaum's outline of theory and problems of heat transfer/ (Record no. 127)
[ view plain ]
| 000 -LEADER | |
|---|---|
| fixed length control field | 00873nac a22001931u 4500 |
| 020 ## - INTERNATIONAL STANDARD BOOK NUMBER | |
| International Standard Book Number | 0070589607 |
| 082 ## - DEWEY DECIMAL CLASSIFICATION NUMBER | |
| Classification number | 621.4022 |
| Item number | P6921 |
| 090 ## - LOCALLY ASSIGNED LC-TYPE CALL NUMBER (OCLC); LOCAL CALL NUMBER (OCLC) | |
| -- | 127 |
| -- | 127 |
| 100 ## - MAIN ENTRY--PERSONAL NAME | |
| Personal name | Pitts, Donald |
| 245 ## - TITLE STATEMENT | |
| Title | Schaum's outline of theory and problems of heat transfer/ |
| Statement of responsibility, etc | Donald Pitts, Leighton Sissom |
| 250 ## - EDITION STATEMENT | |
| Edition statement | 2nd ed. |
| 260 ## - PUBLICATION, DISTRIBUTION, ETC. (IMPRINT) | |
| Place of publication, distribution, etc | New Delhi |
| Name of publisher, distributor, etc | Tata McGraw-Hill |
| Date of publication, distribution, etc | 2004 |
| 650 ## - SUBJECT ADDED ENTRY--TOPICAL TERM | |
| Topical term or geographic name as entry element | Heat |
| General subdivision | Transmission |
| 650 ## - SUBJECT ADDED ENTRY--TOPICAL TERM | |
| Topical term or geographic name as entry element | Heat |
| General subdivision | Transmission -- Problems, exercises, |
| 700 ## - ADDED ENTRY--PERSONAL NAME | |
| Relator code | Sissom, Leighton |
| 942 ## - ADDED ENTRY ELEMENTS (KOHA) | |
| Item type | Book - Borrowing |
| Call number prefix | 621.4022P6921 |
| Withdrawn status | Item status | Damaged status | Not for loan | Home library | Current library | Shelving location | Date acquired | Source of acquisition | Total Checkouts | Total Renewals | Full call number | Barcode | Date last seen | Date last borrowed | Cost, replacement price | Koha item type |
|---|---|---|---|---|---|---|---|---|---|---|---|---|---|---|---|---|
| Central Library | Central Library | First floor | 23/01/2006 | Purchase | 6 | 23 | 621.4022 PIT | 000004638 | 15/07/2025 | 27/03/2018 | 120.00 | Book - Borrowing | ||||
| Central Library | Central Library | First floor | 23/01/2006 | Purchase | 3 | 3 | 621.4022 PIT | 000004633 | 15/07/2025 | 22/10/2013 | 120.00 | Book - Borrowing |